| 000 | 00405nam a2200157Ia 4500 | ||
|---|---|---|---|
| 008 | 230917s9999||||xx |||||||||||||| ||und|| | ||
| 040 |
_e88208 _aMAIN |
||
| 041 | _aEnglish | ||
| 082 | _a370.15 S84E | ||
| 100 | _aSprinthall, Norman A | ||
| 245 | 0 | _aEducational Psychology: a developmental approach | |
| 250 | _a5th ed. | ||
| 260 |
_aNew York _bMcGraw-Hill _c1990 |
||
| 300 | _axix, 668 p. | ||
| 942 | _cBK | ||
| 999 |
_c81892 _d81892 |
||